Cargando...
Palipoya Oru Viplvathinde Kadha
| Autor Principal: | |
|---|---|
| Formato: | Printed Book |
| Idioma: | Malayalam |
| Publicado: |
Kottayam
Kottayam
1990
|
| LEADER | 00490nam a2200133Ia 4500 | ||
|---|---|---|---|
| 008 | 111205s9999 xx 000 0 mal d | ||
| 082 | |a 851M DAM/S | ||
| 100 | |a Chandrasekharan. M.K. | ||
| 245 | |a Palipoya Oru Viplvathinde Kadha |c Chandrasekharan. M.K. | ||
| 260 | |b Kottayam |a Kottayam |c 1990 | ||
| 300 | |a 109 | ||
| 942 | |c BK | ||
| 999 | |c 211983 |d 211983 | ||
| 952 | |0 0 |1 0 |2 ddc |4 0 |6 853_000000000000000_4C1_PAL |7 0 |9 234445 |a MAL |b MAL |c ST1 |d 2011-12-05 |g 15.00 |l 0 |o 853.4C1 PAL |p MAL23636 |r 2011-12-05 |v 15.00 |w 2011-12-05 |y BK | ||